La tradición jurídica romano-canónica.
Gespeichert in:
| 1. Verfasser: | |
|---|---|
| Weitere Verfasser: | |
| Format: | Buch |
| Sprache: | Spanisch |
| Veröffentlicht: |
Ciudad de México, México:
Fondo de Cultura Económica,
1971.
|
| Ausgabe: | Primera edición en español. |
| Schriftenreihe: | Breviarios, 218.
|
| Schlagworte: | |
| Tags: |
Tag hinzufügen
Keine Tags, Fügen Sie den ersten Tag hinzu!
|
MARC
| LEADER | 00000cam a2200000 a 4500 | ||
|---|---|---|---|
| 001 | UCB0022 | ||
| 003 | CL-VaPUC | ||
| 005 | 20250326141325.0 | ||
| 008 | 191206e19710000mx spa d | ||
| 999 | |c 376274 |d 376272 | ||
| 040 | |c Pontificia Universidad Católica de Valparaíso | ||
| 082 | 0 | 4 | |a 340.54 MER 1971 |2 21 |
| 100 | |a Merryman, John Henry |e autor |9 605343 | ||
| 245 | 1 | 3 | |a La tradición jurídica romano-canónica. |
| 250 | |a Primera edición en español. | ||
| 260 | |a Ciudad de México, México: |b Fondo de Cultura Económica, |c 1971. | ||
| 300 | |a 258 páginas. | ||
| 490 | 0 | |a Breviarios, 218. | |
| 500 | |a c.2 Donación Familia Prof. Alejandro Guzmán Brito. | ||
| 583 | |a last modification |c 20191206 10:52:00 |k Rodrigo Vera | ||
| 650 | 0 | 0 | |a Derecho romano |9 255930 |
| 650 | 0 | 7 | |a Derecho canónico |2 CL-VaPUC |9 605344 |
| 650 | 0 | 0 | |a Derecho civil |9 255013 |
| 700 | |a Sierra Bernal, Carlos |9 502454 |e traducción | ||
| 942 | |c BK |2 ddc |n 0 | ||
| 945 | |a dcastane |d 20191206 10:52:00 | ||
| 952 | |0 0 |1 0 |3 erd |4 0 |6 340_540000000000000_MER_1971 |7 0 |8 A |9 495635 |a BIBDER |b BIBDER |e Mateluna Arestizabal, Alfredo Sergio |i 5611024 |o 340.54 MER 1971 |p 5611024 |r 2023-01-25 |w 2020-01-06 |y BK |z Catalogado en:20191206 |k DER | ||